Cloning and DNA sequencing of a RAPD marker linked to oidium heveae-resistance gene of Hevea (Record no. 55772)

MARC details
000 -LEADER
fixed length control field 00998nam a2200229Ia 4500
100 ## - MAIN ENTRY--AUTHOR NAME
Personal name Shoucai Chen
245 #0 - TITLE STATEMENT
Title Cloning and DNA sequencing of a RAPD marker linked to oidium heveae-resistance gene of Hevea
260 ## - PUBLICATION, DISTRIBUTION, ETC. (IMPRINT)
Name of publisher Chinese Journal of Tropical Crops
Year of publication 1994
300 ## - PHYSICAL DESCRIPTION
Number of Pages 11
520 ## - SUMMARY, ETC.
Summary, etc A RAPD marker, OPV-10 390, linked to the Oidium heveae-resistance gene of Hevea brasiliensis was cloned and its DNA sequence was determined. Nucleotide sequence analysis by DNASIS TM system indicates that the fragment was not all encoding sequence and had no conservative sequence of 5- flanking region and 3- flanking region, but a structure similar to exon and intron.
650 ## - SUBJECT ADDED ENTRY--TOPICAL TERM
Topical Term Disease resistance
650 ## - SUBJECT ADDED ENTRY--TOPICAL TERM
Topical Term DNA sequencing
650 ## - SUBJECT ADDED ENTRY--TOPICAL TERM
Topical Term Gene cloning
650 ## - SUBJECT ADDED ENTRY--TOPICAL TERM
Topical Term Hevea brasiliensis
650 ## - SUBJECT ADDED ENTRY--TOPICAL TERM
Topical Term Oidium heveae
650 ## - SUBJECT ADDED ENTRY--TOPICAL TERM
Topical Term RAPD marker
700 ## - ADDED ENTRY--PERSONAL NAME
Personal name Dongqiong Fu
700 ## - ADDED ENTRY--PERSONAL NAME
Personal name Hanshuang Shao
700 ## - ADDED ENTRY--PERSONAL NAME
Personal name Xueqin
942 ## - ADDED ENTRY ELEMENTS (KOHA)
Koha item type Journals
Holdings
Withdrawn status Lost status Damaged status Not for loan Home library Current library Shelving location Date acquired Serial Enumeration / chronology Koha item type
      Journals RRII Library RRII Library Biotechnology 17/12/2021 Volume 15, Issue Suppl Journals